01630nam a2200409 i 450000100060000000300090000600500170001500800390003201500150007102000150008604000280010104100130012904600090014208000280015108000120017910000350019124501300022624600520035626001210040830000350052933600270056433700540059133800280064538000160067338800140068938800140070350000570071750400360077461000250081065000260083565500300086165800340089165800510092570000510097671000950102785600980112231921KOSZ 00520230124095018.0120711s1995 pl a f |001 0 pol aPB 9618/98 a8390237318 aWA NcWA NdKOSZ 005/HR1 apolheng k1995 a339.923(4-67)"1989/..." a(075.8)1 aMolle, Willemd(1942- )eAutor10aEkonomika integracji europejskiej :bteoria, praktyka, polityka /cWillem Molle ; [tł. z ang. Piotr Kuropatwiński et al.].1 iTyt. oryg.:aEconomics of European integration. aGdańsk :bFundacja Gospodarcza NSZZ [Niezależnego Samorządnego Związku Zawodowego] "Solidarność",c1995. aXII, 571 s. :bwykr. ;c23 cm. 2rdacontentaTekstbtxt 2rdamediaaBez urządzenia pośredniczącegobn 2rdacarrieraWoluminbnc aKsiążki a1901-2000 a1989-2000 aTyt. oryg.: "The economics of European integration". aBibliogr. s. 520-560. - Indeks.24aUnia Europejska (UE) 4aIntegracja europejska 4aPodręczniki akademickie aGospodarka, ekonomia, finanse aPolityka, politologia, administracja publiczna1 aKuropatwiński, Piotrd(1950- )eTłumaczenie2 aFundacja Gospodarcza Niezależnego Samorządnego Związku Zawodowego "Solidarność" uhttp://koha.tu.koszalin.pl/cgi-bin/koha/opac-detail.pl?biblionumber=31921yKatalog online BPK